000 00690nam a22002297a 4500
003 UA-OsUOA
001 44966
007 ta
008 20110920b un ||||| |||| 00| 0 ukr d
100 _aПарді Б.
090 _a330
_bП18
942 _cBR
040 _aUA-OsUOA
_bukr
_cUA-OsUOA
_dUA-OsUOA
245 _aЕкономічний розвиток громади. Чому це важливо для України
300 _a39 с.+20 с.
955 _a1
041 _aukr
080 _a330
650 7 _a330 Економіка взагалі
_2UDC
999 _c425067
_d425067